[Event "Ste-Foy - Fischer"]
[Site "Ste-Foy CAN"]
[Date "2016.11.12"]
[Round "5"]
[White "Lessard, Claude"]
[Black "Doyon, Stephane"]
[Result "0-1"]
[WhiteElo "2132"]
[BlackElo "1852"]
[PlyCount "72"]
[EventDate "2016.10.15"]
[EventType "tourn"]
[EventRounds "5"]
[EventCountry "CAN"]

1. d4 d5 2. c4 c6 3. Nf3 Nf6 4. Nc3 e6 5. Bf4 Bd6 6. Bxd6 Qxd6 7. e3 Nbd7 8.
cxd5 exd5 9. Bd3 O-O 10. O-O Re8 11. Qc2 Nf8 12. Ne5 Ng6 13. f4 Ng4 14. Rf3
N4xe5 15. fxe5 Qe7 16. Raf1 Be6 17. Ne2 Rac8 18. Ng3 c5 19. Nf5 Bxf5 20. Bxf5
Rc6 21. e6 fxe6 22. Bxg6 hxg6 23. Qf2 cxd4 24. exd4 Qg5 25. h4 Qh6 26. Rf7 Rc1
27. Rxb7 Rxf1+ 28. Qxf1 Rf8 29. Qe1 Qf4 30. Rb4 Kh7 31. g3 Qg4 32. Ra4 Rf3 33.
Kh2 Rd3 34. b3 Rd1 35. Qf2 Qe4 36. Qg2 Qd3 0-1

[Event "Ste-Foy - Fischer"]
[Site "Ste-Foy CAN"]
[Date "2016.11.12"]
[Round "5"]
[White "Poliquin, Yvon"]
[Black "Sauve, Richard"]
[Result "1-0"]
[WhiteElo "2008"]
[BlackElo "1888"]
[PlyCount "85"]
[EventDate "2016.10.15"]
[EventType "tourn"]
[EventRounds "5"]
[EventCountry "CAN"]

1. f4 Nf6 2. Nf3 g6 3. d3 Bg7 4. e4 d6 5. Be2 O-O 6. O-O Nc6 7. Qe1 e5 8. Nc3
Bg4 9. f5 Bxf3 10. Rxf3 Nd4 11. Rh3 Nxe2+ 12. Qxe2 d5 13. Bg5 dxe4 14. Bxf6
Bxf6 15. Nxe4 Bg7 16. Rf1 f6 17. Kh1 Qe8 18. Ng3 Rd8 19. Ne4 b6 20. Qe1 g5 21.
Qe2 c5 22. g4 Qf7 23. c4 Rd4 24. Nc3 Rfd8 25. Kg1 Qd7 26. Nd5 Qb7 27. Qg2 Qd7
28. Rff3 b5 29. b3 b4 30. Rh5 Qf7 31. Qh3 h6 32. Qg2 Rd6 33. Rg3 Ra6 34. h4 Qd7
35. Re3 Qf7 36. Kh2 Bf8 37. Qe2 Qg7 38. hxg5 hxg5 39. Reh3 Rd6 40. Kh1 Qb7 41.
Rh8+ Kf7 42. R3h7+ Bg7 43. Qh2 1-0

[Event "Ste-Foy - Fischer"]
[Site "Ste-Foy CAN"]
[Date "2016.11.12"]
[Round "5"]
[White "Sarra-Bournet, Marc"]
[Black "Dube, Daniel"]
[Result "1-0"]
[WhiteElo "1862"]
[BlackElo "1800"]
[PlyCount "69"]
[EventDate "2016.10.15"]
[EventType "tourn"]
[EventRounds "5"]
[EventCountry "CAN"]

1. e4 Nf6 2. e5 Nd5 3. d4 d6 4. c4 Nb6 5. f4 dxe5 6. fxe5 Nc6 7. Nf3 Bg4 8. Be3
e6 9. Nc3 Bb4 10. Rc1 Qd7 11. Be2 Bxf3 12. gxf3 O-O-O 13. a3 Be7 14. c5 Nd5 15.
Nxd5 Bh4+ 16. Kf1 exd5 17. Kg2 Rde8 18. f4 f5 19. Rg1 Ne7 20. Kh3 Ng6 21. c6
bxc6 22. Ba6+ Kd8 23. Qa4 Re6 24. Bb7 c5 25. Qxa7 cxd4 26. Rxg6 Rxg6 27. Qb8+
Ke7 28. Qxh8 Kf7 29. Bxd4 Bd8 30. Bc5 Rh6+ 31. Kg2 Re6 32. Qf8+ Kg6 33. Kf3 Re8
34. Bc8 Rxf8 35. Bxd7 1-0

[Event "Ste-Foy - Morphy"]
[Site "Ste-Foy CAN"]
[Date "2016.02.27"]
[Round "1"]
[White "Caron, Sebastien"]
[Black "Laflamme, Simon"]
[Result "1/2-1/2"]
[WhiteElo "2034"]
[BlackElo "1837"]
[PlyCount "35"]
[EventDate "2016.02.27"]
[EventType "swiss"]
[EventRounds "5"]
[EventCountry "CAN"]

1. e4 c6 2. d4 d5 3. e5 Bf5 4. g4 Be4 5. f3 Bg6 6. h4 h5 7. e6 Qd6 8. exf7+
Bxf7 9. Ne2 hxg4 10. fxg4 Nd7 11. Bf4 e5 12. dxe5 Nxe5 13. Bxe5 Qxe5 14. Qd4
Bd6 15. Qxe5+ Bxe5 16. Nd2 O-O-O 17. O-O-O Nf6 18. Nf3 1/2-1/2

[Event "Ste-Foy - Morphy"]
[Site "Ste-Foy CAN"]
[Date "2016.02.27"]
[Round "1"]
[White "Doyon, Stephane"]
[Black "Bahadi, Khalid"]
[Result "0-1"]
[WhiteElo "1809"]
[BlackElo "1927"]
[PlyCount "80"]
[EventDate "2016.02.27"]
[EventType "swiss"]
[EventRounds "5"]
[EventCountry "CAN"]

1. e4 d6 2. d4 Nf6 3. Nc3 g6 4. f4 Bg7 5. Nf3 O-O 6. Bd3 Na6 7. O-O c5 8. d5
Nc7 9. h3 b5 10. e5 dxe5 11. fxe5 Nfxd5 12. Nxb5 Bb7 13. Nxc7 Qxc7 14. Qe2 Nb4
15. Bc4 Bxf3 16. Rxf3 Qxe5 17. Re3 Qd6 18. c3 Nc6 19. Rd3 Qc7 20. Bd5 Rad8 21.
Bxc6 Qxc6 22. Rxd8 Rxd8 23. Bf4 e5 24. Bg5 f6 25. Qc4+ Qd5 26. Qxd5+ Rxd5 27.
Be3 Bf8 28. Kf1 f5 29. Ke2 f4 30. Bg1 e4 31. Rd1 Rxd1 32. Kxd1 Kf7 33. Ke2 Ke6
34. c4 g5 35. Bf2 h5 36. Be1 Bg7 37. b3 g4 38. hxg4 hxg4 39. g3 f3+ 40. Kf1 e3
0-1

[Event "Ste-Foy - Morphy"]
[Site "Ste-Foy CAN"]
[Date "2016.02.27"]
[Round "1"]
[White "Dube, Daniel"]
[Black "Labrecque, Rejean"]
[Result "1-0"]
[WhiteElo "1904"]
[BlackElo "1790"]
[PlyCount "77"]
[EventDate "2016.02.27"]
[EventType "swiss"]
[EventRounds "5"]
[EventCountry "CAN"]

1. e4 e5 2. Nf3 Nc6 3. Nc3 Nf6 4. d4 exd4 5. Nxd4 Bb4 6. Nxc6 Bxc3+ 7. bxc3
bxc6 8. Bd3 O-O 9. O-O d6 10. h3 h6 11. Qf3 Nd7 12. Qg3 Qf6 13. Bd2 Ne5 14. f4
Qg6 15. Qxg6 Nxg6 16. f5 Ne5 17. f6 Kh7 18. fxg7 Rg8 19. Rf6 Rxg7 20. Rxh6+ Kg8
21. Kf2 Be6 22. Be3 c5 23. a4 Rb8 24. Rh5 f6 25. a5 Nxd3+ 26. cxd3 Rb2+ 27. Kf3
Rgxg2 28. d4 Rgc2 29. Rg1+ Kf8 30. Rh8+ Kf7 31. Rh7+ Kf8 32. d5 Bf7 33. Rh8+
Ke7 34. Rg7 Rb1 35. Rhh7 Rf1+ 36. Kg3 Rxc3 37. Rxf7+ Ke8 38. Rxc7 Kd8 39. Rxa7
1-0

[Event "Ste-Foy - Morphy"]
[Site "Ste-Foy CAN"]
[Date "2016.02.27"]
[Round "1"]
[White "Stoyanova, Stela"]
[Black "Sauve, Richard"]
[Result "0-1"]
[WhiteElo "1444"]
[BlackElo "1875"]
[PlyCount "106"]
[EventDate "2016.02.27"]
[EventType "swiss"]
[EventRounds "5"]
[EventCountry "CAN"]

1. Nf3 f5 2. d3 Nf6 3. Bg5 d5 4. c4 e6 5. g3 Be7 6. Bg2 O-O 7. O-O c6 8. Nbd2
Nbd7 9. e4 dxe4 10. dxe4 Nc5 11. Bxf6 Bxf6 12. e5 Be7 13. Nb3 Nxb3 14. Qxb3 Qc7
15. Rac1 Qb6 16. Rc3 Rd8 17. Qxb6 axb6 18. a3 g5 19. h3 h5 20. g4 hxg4 21. hxg4
fxg4 22. Nh2 Rd4 23. f4 gxf3 24. Bxf3 Rd2 25. Rf2 Bc5 26. Ng4 Bxf2+ 27. Nxf2
Rxb2 28. Kg2 Ra2 29. Rd3 R2xa3 30. Rd8+ Kf7 31. Ne4 Ke7 32. Rh8 Re3 33. Nd6
Rxe5 34. Nxc8+ Kf6 35. Rf8+ Kg7 36. Re8 Re3 37. Nd6 Ra2+ 38. Kg3 Raa3 39. Re7+
Kg6 40. Rf7 Red3 41. Rxb7 Rxf3+ 42. Kg2 Rfb3 43. Ne4 Ra2+ 44. Nf2 Rbb2 45. Kg3
Rxf2 46. Rxb6 Rfd2 47. Kf3 Kf5 48. Ke3 g4 49. Rxc6 Re2+ 50. Kd3 g3 51. Rc8 g2
52. Rf8+ Ke5 53. Rg8 Re1 0-1

[Event "Ste-Foy - Morphy"]
[Site "Ste-Foy CAN"]
[Date "2016.03.05"]
[Round "2"]
[White "Abran, David"]
[Black "Bouffard, Jonathan"]
[Result "1-0"]
[WhiteElo "1891"]
[BlackElo "1795"]
[PlyCount "55"]
[EventDate "2016.02.27"]
[EventType "swiss"]
[EventRounds "5"]
[EventCountry "CAN"]

1. d4 Nf6 2. c4 e6 3. Nf3 b6 4. g3 Bb7 5. Bg2 Be7 6. O-O O-O 7. Nc3 d5 8. Ne5
Nbd7 9. cxd5 exd5 10. h3 Re8 11. Be3 c6 12. Rc1 Nxe5 13. dxe5 Nd7 14. f4 Nc5
15. b4 Ne6 16. f5 Nc7 17. f6 gxf6 18. Rf5 Bc8 19. Rh5 fxe5 20. Qc2 f5 21. Bd2
Bf6 22. Rf1 Qe7 23. b5 Qc5+ 24. Kh2 Nxb5 25. Rfxf5 Nd4 26. Rfg5+ Kf8 27. Qxh7
Be6 28. Rg8+ 1-0

[Event "Ste-Foy - Morphy"]
[Site "Ste-Foy CAN"]
[Date "2016.03.05"]
[Round "2"]
[White "Bahadi, Khalid"]
[Black "Chouinard, Etienne"]
[Result "1-0"]
[WhiteElo "1927"]
[BlackElo "1898"]
[PlyCount "53"]
[EventDate "2016.02.27"]
[EventType "swiss"]
[EventRounds "5"]
[EventCountry "CAN"]

1. e4 e5 2. Nf3 Nc6 3. Bb5 Nf6 4. O-O Bc5 5. c3 O-O 6. d4 Bb6 7. Bg5 h6 8. Bh4
g5 9. Nxg5 hxg5 10. Bxg5 Qe7 11. f4 exd4 12. e5 dxc3+ 13. Kh1 c2 14. Qxc2 Nxe5
15. fxe5 Qxe5 16. Bxf6 Qxb5 17. Rf5 Re8 18. Nc3 Qc6 19. Rg5+ Kf8 20. Bg7+ Kg8
21. Nd5 Qxd5 22. Rxd5 Kxg7 23. Rg5+ Kf8 24. Qh7 d6 25. Rg8+ Ke7 26. Rxe8+ Kxe8
27. Qg8+ 1-0

[Event "Ste-Foy - Morphy"]
[Site "Ste-Foy CAN"]
[Date "2016.03.05"]
[Round "2"]
[White "Sarra-Bournet, Marc"]
[Black "Dube, Daniel"]
[Result "0-1"]
[WhiteElo "1898"]
[BlackElo "1904"]
[PlyCount "82"]
[EventDate "2016.02.27"]
[EventType "swiss"]
[EventRounds "5"]
[EventCountry "CAN"]

1. e4 e5 2. Nf3 Nc6 3. Bb5 a6 4. Ba4 Nf6 5. O-O Be7 6. Re1 b5 7. Bb3 O-O 8. a4
b4 9. d3 d6 10. Nbd2 Na5 11. Ba2 Rb8 12. Nf1 Bd7 13. Ne3 c6 14. Bd2 Qc8 15. h3
c5 16. Nh2 Kh8 17. Qf3 Nc6 18. c3 bxc3 19. bxc3 Na5 20. Reb1 Rxb1+ 21. Rxb1 Be6
22. Bxe6 fxe6 23. Qe2 Qe8 24. Qd1 c4 25. Qc2 Qc6 26. f3 d5 27. exd5 exd5 28.
Nhg4 Nxg4 29. Nxg4 Bc5+ 30. Kh1 cxd3 31. Qxd3 e4 32. fxe4 dxe4 33. Qe2 Qxa4 34.
Qxa6 Qc2 35. Qb5 Nc4 36. Qxc5 Qxb1+ 37. Kh2 Qb8+ 38. Kg1 Nxd2 39. Ne3 Qf4 40.
Qd4 Qf2+ 41. Kh1 Nf1 0-1

[Event "Ste-Foy - Morphy"]
[Site "Ste-Foy CAN"]
[Date "2016.03.05"]
[Round "2"]
[White "Sauve, Richard"]
[Black "Caron, Sebastien"]
[Result "0-1"]
[WhiteElo "1875"]
[BlackElo "2034"]
[PlyCount "102"]
[EventDate "2016.02.27"]
[EventType "swiss"]
[EventRounds "5"]
[EventCountry "CAN"]

1. d4 Nf6 2. c4 g6 3. Nc3 Bg7 4. e4 O-O 5. f3 d6 6. Be3 Nc6 7. Nge2 e5 8. d5
Ne7 9. Qd2 Ne8 10. g4 f5 11. gxf5 gxf5 12. O-O-O f4 13. Bf2 Bf6 14. h4 h6 15.
Bh3 Bxh3 16. Rxh3 Qd7 17. Rh2 Kh7 18. Rg1 Rg8 19. Rxg8 Nxg8 20. Ng1 a6 21. Kb1
c5 22. dxc6 bxc6 23. c5 Rd8 24. cxd6 Nxd6 25. Bc5 Nc4 26. Qxd7+ Rxd7 27. Kc2
Be7 28. Bxe7 Ne3+ 29. Kc1 Nxe7 30. Nh3 Ng6 31. Nf2 Nf8 32. Ng4 Nxg4 33. fxg4
Rg7 34. g5 Ne6 35. gxh6 Kxh6 36. Rd2 Nd4 37. Ne2 Nxe2+ 38. Rxe2 Kh5 39. b4 Kxh4
40. Kd2 f3 41. Rh2+ Kg3 42. Rh6 Kf4 43. Rxc6 Rg2+ 44. Kd3 Rxa2 45. Rf6+ Kg3 46.
Kc4 Rd2 47. Rxa6 f2 48. Rf6 Rd4+ 49. Kc5 Rxe4 50. b5 Rf4 51. Rg6+ Kf3 0-1

[Event "Ste-Foy - Morphy"]
[Site "Ste-Foy CAN"]
[Date "2016.03.12"]
[Round "3"]
[White "Caron, Sebastien"]
[Black "Abran, David"]
[Result "1-0"]
[WhiteElo "2034"]
[BlackElo "1891"]
[PlyCount "61"]
[EventDate "2016.02.27"]
[EventType "swiss"]
[EventRounds "5"]
[EventCountry "CAN"]

1. e4 c5 2. Nf3 d6 3. d4 cxd4 4. Nxd4 Nf6 5. Nc3 a6 6. Be2 e5 7. Nb3 Be7 8. Be3
Be6 9. f4 Qc7 10. f5 Bc4 11. Bxc4 Qxc4 12. Qd3 Qxd3 13. cxd3 d5 14. Nxd5 Nxd5
15. exd5 O-O 16. Rc1 Nd7 17. Rc7 Rfd8 18. Ke2 b6 19. Rhc1 Bd6 20. R7c6 Nf6 21.
Bxb6 h6 22. Bxd8 Rxd8 23. Rc8 Rf8 24. Rxf8+ Bxf8 25. Rc8 Nxd5 26. Nc5 Ne7 27.
Re8 Nxf5 28. Nd7 Nd4+ 29. Ke3 Ne6 30. Nxf8 Nxf8 31. Rxe5 1-0

[Event "Ste-Foy - Morphy"]
[Site "Ste-Foy CAN"]
[Date "2016.03.12"]
[Round "3"]
[White "Chouinard, Etienne"]
[Black "Labrecque, Rejean"]
[Result "1-0"]
[WhiteElo "1898"]
[BlackElo "1790"]
[PlyCount "167"]
[EventDate "2016.02.27"]
[EventType "swiss"]
[EventRounds "5"]
[EventCountry "CAN"]

1. e4 e6 2. d4 d5 3. exd5 exd5 4. Nf3 Nf6 5. Be2 Bd6 6. O-O O-O 7. Bg5 Bf5 8.
Nbd2 h6 9. Bh4 Nbd7 10. c3 c6 11. Qb3 Qc7 12. Bg3 Rae8 13. Bxd6 Qxd6 14. Rfe1
Qb8 15. Nf1 Re7 16. Ng3 Bh7 17. Bf1 Rfe8 18. Qb4 Rxe1 19. Rxe1 Rxe1 20. Nxe1
Qe8 21. Nf3 Nb6 22. a4 Qf8 23. Qb3 Qe7 24. a5 Nc8 25. Ne5 c5 26. a6 b6 27. Nc6
Qc7 28. Ne5 Nd6 29. Qa4 c4 30. Qc6 Qxc6 31. Nxc6 Nc8 32. Be2 Bc2 33. Bf3 Ba4
34. Nb4 Ne7 35. Nf1 Bd7 36. Ne3 Be6 37. h3 Kf8 38. Kh2 Ke8 39. Kg3 Kd7 40. h4
Kd6 41. h5 b5 42. Kf4 Nh7 43. g4 Ng5 44. Bg2 g6 45. hxg6 fxg6 46. Kg3 Nh7 47.
f4 Nf6 48. Bf3 Nc6 49. Nec2 Nxb4 50. Nxb4 g5 51. f5 Bf7 52. Kh3 Nd7 53. Kg3 Nb6
54. Bd1 Nd7 55. Bf3 Nb8 56. Kf2 Nc6 57. Nc2 Ne7 58. Ne3 Ng8 59. Ke2 Nf6 60. Kd2
Kc6 61. Nc2 h5 62. gxh5 g4 63. Bg2 Bxh5 64. Ke3 Bf7 65. Kf4 Kd6 66. Ne3 Ne8 67.
Nc2 Nf6 68. Kg5 Ke7 69. Nb4 Ne4+ 70. Bxe4 dxe4 71. Kxg4 e3 72. Kf3 e2 73. Kxe2
Kf6 74. Nc6 Kxf5 75. Nxa7 Be8 76. Nc8 Ke6 77. a7 Bc6 78. Nb6 Kd6 79. a8=Q Bxa8
80. Nxa8 Kc6 81. Ke3 Kb7 82. Ke4 Kxa8 83. Ke5 Kb7 84. Kd6 1-0

[Event "Ste-Foy - Morphy"]
[Site "Ste-Foy CAN"]
[Date "2016.03.12"]
[Round "3"]
[White "Dube, Daniel"]
[Black "Bahadi, Khalid"]
[Result "1/2-1/2"]
[WhiteElo "1904"]
[BlackElo "1927"]
[PlyCount "79"]
[EventDate "2016.02.27"]
[EventType "swiss"]
[EventRounds "5"]
[EventCountry "CAN"]

1. e4 e5 2. Bc4 Nf6 3. d4 exd4 4. Nf3 Nxe4 5. Qxd4 Nf6 6. Nc3 Nc6 7. Qd1 Bb4 8.
O-O Bxc3 9. bxc3 d5 10. Re1+ Be6 11. Bb5 O-O 12. Ba3 Re8 13. Nd4 Bd7 14. Rxe8+
Qxe8 15. Bd3 Ne5 16. Be2 Ne4 17. Qe1 c5 18. Nb3 b6 19. f3 Nd6 20. Nd2 Bb5 21.
Bc1 Nec4 22. Nxc4 Nxc4 23. Bf4 Qc6 24. Bxc4 Bxc4 25. Qg3 Re8 26. a4 Qe6 27. h3
a6 28. a5 bxa5 29. Rxa5 Qe1+ 30. Qxe1 Rxe1+ 31. Kh2 Bb5 32. Bd6 c4 33. Kg3 Re2
34. Ra2 g5 35. Bc5 f5 36. Bd4 f4+ 37. Kh2 Kf7 38. Kg1 Re1+ 39. Kf2 Rc1 40. Ke2
1/2-1/2

[Event "Ste-Foy - Morphy"]
[Site "Ste-Foy CAN"]
[Date "2016.03.12"]
[Round "3"]
[White "Gaudreau, Eric"]
[Black "Sauve, Richard"]
[Result "1/2-1/2"]
[WhiteElo "1744"]
[BlackElo "1875"]
[PlyCount "38"]
[EventDate "2016.02.27"]
[EventType "swiss"]
[EventRounds "5"]
[EventCountry "CAN"]

1. b3 d5 2. Bb2 Nf6 3. e3 e6 4. f4 Be7 5. Nf3 c5 6. Bb5+ Bd7 7. Bxd7+ Nbxd7 8.
O-O O-O 9. Qe2 Rc8 10. c4 Qb6 11. d3 Rfd8 12. Nbd2 Qc6 13. Rad1 Qa6 14. Ra1 b5
15. Ne5 dxc4 16. dxc4 b4 17. a4 Qb7 18. Rad1 Nf8 19. Qf3 Qxf3 1/2-1/2

[Event "Ste-Foy - Morphy"]
[Site "Ste-Foy CAN"]
[Date "2016.03.12"]
[Round "3"]
[White "Sarra-Bournet, Marc"]
[Black "Sirois, Eric"]
[Result "1-0"]
[WhiteElo "1898"]
[BlackElo "1754"]
[PlyCount "53"]
[EventDate "2016.02.27"]
[EventType "swiss"]
[EventRounds "5"]
[EventCountry "CAN"]

1. e4 c5 2. Nc3 e6 3. g3 Nc6 4. Bg2 d6 5. Nge2 Nf6 6. O-O Be7 7. d4 cxd4 8.
Nxd4 O-O 9. Nxc6 bxc6 10. e5 Nd5 11. exd6 Qxd6 12. Ne4 Qb4 13. a3 Qb5 14. b3
Nf6 15. c4 Qb6 16. Be3 Qc7 17. Qc2 Rb8 18. b4 Nxe4 19. Qxe4 Bd7 20. Rfd1 e5 21.
f4 Bf6 22. fxe5 Rfe8 23. Bf4 Qc8 24. Qd4 Bxe5 25. Bxe5 Bg4 26. Bxb8 Bxd1 27.
Rxd1 1-0

[Event "Ste-Foy - Morphy"]
[Site "Ste-Foy CAN"]
[Date "2016.03.19"]
[Round "4"]
[White "Bahadi, Khalid"]
[Black "Caron, Sebastien"]
[Result "1-0"]
[WhiteElo "1927"]
[BlackElo "2034"]
[PlyCount "69"]
[EventDate "2016.02.27"]
[EventType "swiss"]
[EventRounds "5"]
[EventCountry "CAN"]

1. e4 e6 2. d4 d5 3. Nd2 Nf6 4. e5 Nfd7 5. Ngf3 c5 6. Nb3 Nc6 7. Bb5 cxd4 8.
Nbxd4 Nxd4 9. Nxd4 a6 10. Bxd7+ Bxd7 11. O-O Bc5 12. c3 Qh4 13. Be3 Bxd4 14.
Bxd4 h5 15. Re1 g5 16. g3 Qh3 17. Qf3 Qf5 18. Qxf5 exf5 19. e6 Rh7 20. exd7+
Kxd7 21. Bf6 Rg8 22. Rad1 Kc6 23. Re5 Rg6 24. Rxf5 g4 25. Rdxd5 Rxf6 26. Rc5+
Kd6 27. Rxh5 Rxh5 28. Rxh5 Rf3 29. Kf1 Ke6 30. Ke2 f5 31. Rh7 b5 32. Rh6+ Kd5
33. Rxa6 Kc4 34. h4 f4 35. Rf6 1-0

[Event "Ste-Foy - Morphy"]
[Site "Ste-Foy CAN"]
[Date "2016.03.19"]
[Round "4"]
[White "Chouinard, Etienne"]
[Black "Sarra-Bournet, Marc"]
[Result "1/2-1/2"]
[WhiteElo "1898"]
[BlackElo "1898"]
[PlyCount "62"]
[EventDate "2016.02.27"]
[EventType "swiss"]
[EventRounds "5"]
[EventCountry "CAN"]

1. e4 e5 2. Nf3 Nc6 3. Nc3 Nf6 4. Nxe5 Nxe5 5. d4 Bb4 6. dxe5 Nxe4 7. Qf3 d5 8.
exd6 Bxc3+ 9. bxc3 O-O 10. Bd3 Nxd6 11. O-O Be6 12. Ba3 b6 13. c4 c5 14. Rad1
Qe7 15. Rfe1 Rad8 16. Bb2 Qh4 17. g3 Qh3 18. Qf4 Nf5 19. Bf1 Qh5 20. Rxd8 Rxd8
21. Qc7 Qg5 22. Bd3 Nd4 23. f4 Qf6 24. Kg2 Rd7 25. Rxe6 Nxe6 26. Qxd7 Qxb2 27.
f5 Nf8 28. Qxa7 g6 29. fxg6 Nxg6 30. Bxg6 hxg6 31. Qa4 Qc3 1/2-1/2

[Event "Ste-Foy - Morphy"]
[Site "Ste-Foy CAN"]
[Date "2016.03.19"]
[Round "4"]
[White "Sauve, Richard"]
[Black "Leblanc-Legault, Mathieu"]
[Result "1-0"]
[WhiteElo "1875"]
[BlackElo "1632"]
[PlyCount "93"]
[EventDate "2016.02.27"]
[EventType "swiss"]
[EventRounds "5"]
[EventCountry "CAN"]

1. d4 a6 2. c4 e6 3. Nc3 d5 4. Nf3 dxc4 5. e3 b5 6. a4 b4 7. Na2 Bb7 8. Bxc4 c5
9. O-O Nf6 10. Bd2 a5 11. Bb5+ Bc6 12. Bxc6+ Nxc6 13. dxc5 Rc8 14. Qe2 Qc7 15.
Rac1 Be7 16. Nd4 Nxd4 17. exd4 O-O 18. Bg5 Nd5 19. Bxe7 Nxe7 20. Rcd1 Rfd8 21.
Nc1 Rd5 22. Qe4 Qd7 23. Ne2 Rd8 24. Rd3 Rxc5 25. Rh3 Rf5 26. Ng3 Qxd4 27. Qxd4
Rxd4 28. Nxf5 Nxf5 29. Rc1 Nd6 30. Kf1 h6 31. Ke2 Nc4 32. b3 Ne5 33. Rc8+ Kh7
34. Rc5 Rd5 35. Rxd5 exd5 36. Rh4 g5 37. Rd4 Ng6 38. Rd1 Nf4+ 39. Kf3 f5 40. g3
Ne6 41. Rxd5 Kg6 42. Ke3 f4+ 43. Ke4 h5 44. Rxa5 fxg3 45. fxg3 g4 46. Ra6 Kf7
47. Rxe6 1-0

[Event "Ste-Foy - Morphy"]
[Site "Ste-Foy CAN"]
[Date "2016.03.19"]
[Round "4"]
[White "Skakni, Ismael"]
[Black "Gaudreau, Eric"]
[Result "0-1"]
[WhiteElo "1853"]
[BlackElo "1744"]
[PlyCount "84"]
[EventDate "2016.02.27"]
[EventType "swiss"]
[EventRounds "5"]
[EventCountry "CAN"]

1. d4 d5 2. c4 e6 3. e3 c6 4. Nc3 Bd6 5. Nf3 f5 6. Qb3 Nf6 7. Be2 O-O 8. Bd2
Nbd7 9. O-O-O Qe7 10. h3 Ne4 11. Be1 Kh8 12. Nd2 Nxd2 13. Bxd2 dxc4 14. Bxc4
Nb6 15. Bd3 Nd5 16. Nxd5 exd5 17. f4 Be6 18. g4 c5 19. dxc5 Bxc5 20. gxf5 Bxf5
21. Bxf5 Rxf5 22. Qd3 Qe4 23. Qxe4 dxe4 24. h4 Rd8 25. Rh3 Rfd5 26. Rhh1 Kg8
27. Kc2 Kf7 28. Bc1 Rxd1 29. Rxd1 Rxd1 30. Kxd1 Ke6 31. Ke2 Kf5 32. Bd2 Kg4 33.
Be1 Be7 34. b4 Bxh4 35. Bc3 Bf6 36. Be1 b5 37. Bf2 Bh4 38. Bg1 Bg3 39. Kd2 Kf3
40. Kc3 Bf2 41. Bxf2 Kxf2 42. Kd4 h5 0-1

[Event "Ste-Foy - Morphy"]
[Site "Ste-Foy CAN"]
[Date "2016.04.02"]
[Round "5"]
[White "Caron, Sebastien"]
[Black "Chouinard, Etienne"]
[Result "1/2-1/2"]
[WhiteElo "2034"]
[BlackElo "1898"]
[PlyCount "138"]
[EventDate "2016.02.27"]
[EventType "swiss"]
[EventRounds "5"]
[EventCountry "CAN"]

1. d4 d5 2. Bf4 Nf6 3. e3 e6 4. Nf3 Nbd7 5. h3 a6 6. Nbd2 c5 7. c3 c4 8. Be2 b5
9. O-O Be7 10. Qc2 Bb7 11. b3 Bc6 12. bxc4 bxc4 13. a4 O-O 14. Rfb1 Qa5 15. Rb2
Rfc8 16. Bd1 Ra7 17. Rab1 Ba3 18. Ra2 Bf8 19. g4 g6 20. Bh2 Ne8 21. g5 Bd6 22.
Bxd6 Nxd6 23. Rab2 Ne4 24. Rb4 Raa8 25. h4 Nd6 26. Nh2 Nf5 27. Ndf3 Qd8 28. Ng4
a5 29. R4b2 Rab8 30. Rxb8 Rxb8 31. Rxb8 Qxb8 32. Qa2 Kg7 33. Bc2 Qd8 34. Bxf5
exf5 35. Nge5 Nxe5 36. Nxe5 Qe8 37. Qb2 Bxa4 38. Qb6 Qe6 39. Qxa5 Be8 40. f4 f6
41. Qc7+ Bf7 42. gxf6+ Qxf6 43. Kg2 h6 44. Nf3 Qe6 45. Kf2 Kf6 46. Qd8+ Kg7 47.
Qc7 Kf6 48. Ne5 Be8 49. Qh7 h5 50. Qc7 Qe7 51. Qb6+ Qe6 52. Qd8+ Kg7 53. Nf3
Qd7 54. Qb8 Kg8 55. Ng5 Qc6 56. Qe5 Bf7 57. Qe7 Qe8 58. Qf6 Qf8 59. Ke2 Qe8 60.
Kd2 Qd7 61. Qe5 Qa7 62. Ke2 Qa2+ 63. Kf3 Qd2 64. Qb8+ Kg7 65. Qe5+ Kg8 66. Nxf7
Qd1+ 67. Kg2 Qe2+ 68. Kg3 Qe1+ 69. Kg2 Qe2+ 1/2-1/2

[Event "Ste-Foy - Morphy"]
[Site "Ste-Foy CAN"]
[Date "2016.04.02"]
[Round "5"]
[White "Gaudreau, Eric"]
[Black "Labrecque, Rejean"]
[Result "0-1"]
[WhiteElo "1744"]
[BlackElo "1790"]
[PlyCount "122"]
[EventDate "2016.02.27"]
[EventType "swiss"]
[EventRounds "5"]
[EventCountry "CAN"]

1. Nf3 d5 2. c4 d4 3. g3 Nf6 4. Bg2 c5 5. O-O e6 6. d3 Bd6 7. e3 O-O 8. exd4
cxd4 9. Na3 Bxa3 10. bxa3 Nc6 11. Bb2 e5 12. Re1 Re8 13. Qc2 Bg4 14. h3 Bh5 15.
Nd2 Qc7 16. Ne4 Nxe4 17. Bxe4 f6 18. Rab1 Qd7 19. Bd5+ Bf7 20. Bxf7+ Qxf7 21.
Qb3 Rab8 22. Qb5 Qd7 23. Kg2 Red8 24. Bc1 Ne7 25. Bd2 Qc6+ 26. Qxc6 bxc6 27.
Bb4 Kf7 28. Bc5 Rxb1 29. Rxb1 Rd7 30. h4 Ke6 31. a4 f5 32. Kf3 Nc8 33. a5 Nd6
34. Bxd6 Kxd6 35. a6 c5 36. g4 g6 37. gxf5 gxf5 38. h5 Re7 39. Ke2 e4 40. dxe4
fxe4 41. Rg1 e3 42. fxe3 Rxe3+ 43. Kf2 Ra3 44. Rg7 Rxa2+ 45. Ke1 Rxa6 46. Rxh7
Ra1+ 47. Kd2 Rh1 48. Rxa7 Rxh5 49. Ra6+ Kc7 50. Rg6 Rh3 51. Ra6 Rb3 52. Ra2 Kb6
53. Ra8 Rc3 54. Ra4 Kc6 55. Ra6+ Kd7 56. Ra4 Ke6 57. Kd1 Ke5 58. Kd2 Ke4 59.
Ke2 Rc2+ 60. Kd1 d3 61. Ra5 Kd4 0-1

[Event "Ste-Foy - Morphy"]
[Site "Ste-Foy CAN"]
[Date "2016.04.02"]
[Round "5"]
[White "Sarra-Bournet, Marc"]
[Black "Bahadi, Khalid"]
[Result "0-1"]
[WhiteElo "1898"]
[BlackElo "1927"]
[PlyCount "44"]
[EventDate "2016.02.27"]
[EventType "swiss"]
[EventRounds "5"]
[EventCountry "CAN"]

1. e4 e5 2. Nf3 Nc6 3. Bb5 a6 4. Ba4 Nf6 5. O-O b5 6. Bb3 Be7 7. Re1 d5 8. Nc3
dxe4 9. Nxe4 Nxe4 10. Rxe4 Bf5 11. Nxe5 Bxe4 12. Nxf7 Qd7 13. Nxh8 Nd4 14. Qh5+
g6 15. Bf7+ Kd8 16. Qxh7 Qg4 17. f3 Nxf3+ 18. Kf2 Ng5 19. Qg7 Qxg2+ 20. Ke3
Qf3+ 21. Kd4 c5+ 22. Ke5 Qf5# 0-1

[Event "Ste-Foy - Morphy"]
[Site "Ste-Foy CAN"]
[Date "2016.04.02"]
[Round "5"]
[White "Sauve, Richard"]
[Black "Dube, Daniel"]
[Result "1-0"]
[WhiteElo "1875"]
[BlackElo "1904"]
[PlyCount "83"]
[EventDate "2016.02.27"]
[EventType "swiss"]
[EventRounds "5"]
[EventCountry "CAN"]

1. d4 e6 2. c4 Bb4+ 3. Bd2 Bxd2+ 4. Qxd2 Nf6 5. Nc3 b6 6. e4 Bb7 7. f3 d6 8.
Bd3 e5 9. Nge2 Nc6 10. d5 Nb8 11. O-O O-O 12. Ng3 Bc8 13. Nf5 g6 14. Ng3 Kg7
15. f4 exf4 16. Rxf4 Nfd7 17. Raf1 Ne5 18. Nce2 c5 19. dxc6 Nbxc6 20. a3 Be6
21. b3 f6 22. Bc2 Qc7 23. Nc3 a6 24. Nd5 Bxd5 25. exd5 Ne7 26. Rh4 Nf7 27. Kh1
h5 28. Rhf4 Ne5 29. Ne4 Ng8 30. Qf2 Ng4 31. Qd4 Ne5 32. h3 Rac8 33. Qf2 Nd7 34.
Ng5 fxg5 35. Rf7+ Rxf7 36. Qxf7+ Kh8 37. Qxg6 Ndf6 38. Rxf6 Nxf6 39. Qxf6+ Qg7
40. Qxd6 Re8 41. Bg6 h4 42. Bxe8 1-0

[Event "Ste-Foy - Petrosian"]
[Site "Ste-Foy CAN"]
[Date "2016.04.09"]
[Round "1"]
[White "Chouinard, Etienne"]
[Black "Gaudreau, Eric"]
[Result "1-0"]
[WhiteElo "1905"]
[BlackElo "1761"]
[PlyCount "51"]
[EventDate "2016.04.09"]
[EventType "swiss"]
[EventRounds "5"]
[EventCountry "CAN"]

1. e4 c5 2. Nf3 d6 3. d4 cxd4 4. Nxd4 Nf6 5. Nc3 a6 6. Bc4 e6 7. Bg5 Qc7 8. Bb3
Nc6 9. O-O Nxd4 10. Qxd4 Be7 11. Rad1 b5 12. Bxf6 gxf6 13. Rd3 Qc5 14. Re1 Qxd4
15. Rxd4 e5 16. Rd3 Be6 17. Nd5 Bxd5 18. Bxd5 Rc8 19. Rc1 Rc7 20. Ra3 Ra7 21.
Bc6+ Kf8 22. Bxb5 d5 23. Rxa6 Rxa6 24. Bxa6 dxe4 25. Re1 f5 26. Bc8 1-0